[Event "Tourn. n8156"]
[Site "www.chess-mail.com"]
[Date "2015.04.16"]
[Round "1"]
[White "Libiesse"]
[Black "Goga"]
[WhiteElo "1980"]
[BlackElo "1980"]
[Result "1-0"]
[Round "1"]
1.d4 Ng8f6
2.c4 g6
3.Nb1c3 d5
4.Bc1g5 Nf6e4
5.Nc3xe4 dxe4
6.Qd1c2 Bf8g7
7.Qc2xe4 c6
8.Ng1f3 Bc8f5
9.Qe4e3 Qd8a5
10.Nf3d2 e5
11.dxe5 Qa5xe5
12.Qe3xe5 Bg7xe5
13.e4 Bf5e6
14.Ra1b1 Nb8d7
15.Bf1e2 h6
16.Bg5e3 Be5g7
17.O-O O-O
18.b3 b6
19.Rb1d1 c5
20.f4 Rf8e8
21.e5 Ra8d8
22.Nd2e4 Nd7b8
23.Ne4d6 Re8e7
24.Be2f3 f6
25.Nd6b7 Rd8d7
26.Rd1xd7 Re7xd7
27.exf6 Bg7xf6
28.Rf1d1 Rd7xd1
29.Bf3xd1 Nb8c6
30.Nb7d6 Nc6e7
31.Nd6e4 Bf6d4
32.Be3xd4 cxd4
33.Kf2 Kg7
34.h3 Be6f5
35.Ne4d6 Bf5d7
36.Nd6b5 Ne7c6
37.Kf3 a6
38.Nb5d6 h5
39.Bd1c2 Nc6b4
40.Bc2b1 Bd7c6
41.Kf2 a5
42.a3 Nb4a6
43.f5 g5
44.g4 hxg4
45.hxg4 Na6c5
46.b4 axb4
47.axb4 Nc5d7
48.Nd6e4 Bc6xe4
49.Bb1xe4 Nd7e5
50.c5 bxc5
51.bxc5 Ne5xg4
52.Ke2 Ng4e5
53.c6 Ne5xc6
54.Be4xc6 Kf6
55.Bc6e4 g4
56.Kf2 Kg5
57.Kg3 { resign }
1-0

[Event "Tourn. n8100"]
[Site "www.chess-mail.com"]
[Date "2015.04.16"]
[Round "1"]
[White "Abuelo"]
[Black "Terrible"]
[WhiteElo "2100"]
[BlackElo "2270"]
[Result "0-1"]
[Round "1"]
1.e4 e5
2.Ng1f3 Nb8c6
3.Bf1b5 a6
4.Bb5xc6 dxc6
5.d3 f6
6.Nb1c3 Bc8g4
7.h3 Bg4h5
8.O-O c5
9.Qd1e2 Bf8d6
10.Qe2e3 Ng8e7
11.Nf3d2 O-O
12.b3 Ne7c6
13.Bc1b2 Nc6d4
14.Ra1c1 b5
15.Nc3e2 Nd4xe2
16.Kh1 Ne2xc1
17.Bb2xc1 Qd8e7
18.g4 Bh5f7
19.Nd2f3 a5
20.Kg2 a4
21.a3 axb3
22.cxb3 c4
23.dxc4 Bd6xa3
{ resign }
0-1

[Event "Tourn. n8076"]
[Site "www.chess-mail.com"]
[Date "2015.04.16"]
[Round "1"]
[White "Orhany24"]
[Black "Vite"]
[WhiteElo "1860"]
[BlackElo "1990"]
[Result "1-0"]
[Round "1"]
1.d4 d5
2.c4 c6
3.Nb1c3 Ng8f6
4.Ng1f3 Bc8g4
5.Bc1g5 Bg4xf3
6.Bg5xf6 Bf3h5
7.Bf6h4 dxc4
8.f3 Qd8c8
9.e4 b5
10.a4 b4
11.Nc3b1 e6
12.Bf1xc4 a5
13.b3 Qc8c7
14.O-O Bf8e7
15.Bh4g3 Be7d6
16.e5 Bd6e7
17.Nb1d2 Bh5g6
18.Ra1c1 c5
19.Bc4b5 Nb8d7
20.dxc5 Be7xc5
21.Kh1 O-O
22.Bb5xd7 Qc7xd7
23.Rc1xc5 Bg6d3
24.Nd2e4 Rf8d8
25.Rf1e1 Ra8a6
26.h3 h6
27.Ne4d6 Bd3h7
28.Qd1c1 Ra6a7
29.Qc1c4 Bh7g6
30.Re1c1 f6
31.f4 fxe5
32.fxe5 Rd8f8
33.Rc5c8 Rf8xc8
34.Qc4xc8 Qd7xc8
35.Rc1xc8 Kh7
36.Nd6b5 Ra7d7
37.Nb5d6 { resign }
1-0

[Event "Tourn. n8069"]
[Site "www.chess-mail.com"]
[Date "2015.04.16"]
[Round "1"]
[White "Emmanuelasi"]
[Black "Kermet"]
[WhiteElo "2240"]
[BlackElo "2520"]
[Result "1/2-1/2"]
[Round "1"]
1.e4 c6
2.d4 d5
3.Nb1d2 g6
4.e5 Bf8g7
5.Bf1d3 c5
6.c3 Nb8c6
7.Nd2f3 cxd4
8.cxd4 Ng8h6
9.h3 O-O
10.Ng1e2 f6
11.exf6 Rf8xf6
12.Ne2g3 Nh6f5
13.Ng3xf5 Bc8xf5
14.O-O Bf5xd3
15.Qd1xd3 Qd8d6
16.Bc1g5 Rf6f5
17.Bg5h4 Ra8f8
18.Bh4g3 Qd6d7
19.Rf1e1 Rf5xf3
20.gxf3 Qd7xh3
21.Qd3f1 Qh3xf1
22.Kxf1 Rf8xf3
23.Kg2 Rf3f5
24.Ra1d1 Kf7
25.Rd1d3 Bg7xd4
26.Re1d1 e5
27.Rd3b3 b6
28.Rd1d2 Ke6
{ draw }
1/2-1/2

[Event "Tourn. n8131"]
[Site "www.chess-mail.com"]
[Date "2015.04.16"]
[Round "1"]
[White "Pipas"]
[Black "Ruko"]
[WhiteElo "1620"]
[BlackElo "1850"]
[Result "1-0"]
[Round "1"]
1.e4 e5
2.Bf1c4 Ng8f6
3.Nb1c3 Nb8c6
4.Ng1f3 Bf8c5
5.O-O d6
6.h3 O-O
7.d3 h6
8.Bc1e3 Bc5b6
9.d4 exd4
10.Be3xd4 Nc6xd4
11.Nf3xd4 Rf8e8
12.Rf1e1 Bc8d7
13.Bc4d3 Bb6xd4
14.Qd1d2 Bd4xc3
15.Qd2xc3 Bd7c6
16.e5 Nf6d5
17.Qc3d4 dxe5
18.Qd4e4 Nd5f4
19.Qe4h7 Kf8
20.Qh7h8 Ke7
21.Re1xe5  { time }
1-0

[Event "Tourn. n8159"]
[Site "www.chess-mail.com"]
[Date "2015.04.16"]
[Round "1"]
[White "Zazi"]
[Black "Vinvangogh"]
[WhiteElo "1540"]
[BlackElo "1510"]
[Result "1-0"]
[Round "1"]
1.Ng1f3 d5
2.d4 b6
3.g3 e6
4.Qd1d3 Bf8b4
5.Kd1 Ng8f6
6.e3 Nf6e4
7.Ke2 e5
8.Qd3b3 a5
9.Nf3xe5 Bc8e6
10.f3 Ne4g5
11.Bf1g2 Qd8c8
12.e4 dxe4
13.Qb3a4 c6
14.c3 Be6c4
15.Ne5xc4 exf3
16.Bg2xf3 Qc8e6
17.Kf2 Qe6xc4
18.cxb4 O-O
19.Nb1a3 Qc4xd4
20.Kg2 b5
21.Qa4c2 h6
22.Bf3xc6 Nb8xc6
23.Qc2xc6 Ra8e8
24.Bc1xg5 Re8e2
25.Kh3 hxg5
26.Ra1d1 g4
27.Kh4 g5
28.Kxg5 Qd4g7
29.Kf5 Qg7e5
30.Kxg4 f5
31.Kh4 Qe5h8
32.Kg5 Qh8g7
33.Kh5 f4
34.Qc6c4 Rf8f7
35.Rd1d8 Kh7
36.Qc4d3 Qg7g6
37.Qd3xg6 { resign }
1-0

[Event "Tourn. n8168"]
[Site "www.chess-mail.com"]
[Date "2015.04.16"]
[Round "1"]
[White "Generalfree"]
[Black "Xkafi"]
[WhiteElo "1930"]
[BlackElo "1950"]
[Result "0-1"]
[Round "1"]
1.e4 e5
2.Ng1f3 Qd8f6
3.Bf1c4 Bf8c5
4.O-O d6
5.c3 a6
6.d4 exd4
7.cxd4 Bc5a7
8.Rf1e1 Ng8e7
9.Bc1g5 Qf6g6
10.Qd1d2 Nb8c6
11.Nf3h4 Qg6h5
12.Bc4e2 Bc8g4
13.Nh4f5 Ne7xf5
14.exf5 O-O
15.f3 Bg4xf5
16.g4 Ba7xd4
17.Kg2 Qh5g6
18.gxf5 Qg6xf5
19.Be2d3 Qf5d7
20.Bd3e4 Bd4c5
21.Nb1c3 h6
22.Bg5f4 Ra8e8
23.Bf4xh6 f5
24.Be4d5 Kh7
25.Re1xe8 Qd7xe8
26.Qd2g5 gxh6
27.Bd5g8 Rf8xg8
{ resign }
0-1

[Event "Tourn. n7964"]
[Site "www.chess-mail.com"]
[Date "2015.04.16"]
[Round "1"]
[White "A27l"]
[Black "Genius9"]
[WhiteElo "1180"]
[BlackElo "1270"]
[Result "0-1"]
[Round "1"]
1.c4 e5
2.d3 Nb8c6
3.Ng1f3 Bf8b4
4.Bc1d2 Bb4xd2
5.Nb1xd2 Ng8f6
6.e4 d6
7.h3 O-O
8.Bf1e2 Rf8e8
9.O-O h6
10.Nf3h2 Nc6d4
11.Nd2b3 Nd4e6
12.Be2g4 Nf6xg4
13.Nh2xg4 Ne6f4
14.Ng4h2 Qd8g5
15.g3 Nf4xh3
16.Kg2 Nh3f4
17.Kg1 Nf4g6
18.Qd1d2 Qg5xd2
19.Nb3xd2 Bc8h3
20.Rf1e1 f5
21.exf5 Bh3xf5
22.Re1e3 Bf5d7
23.Ra1e1 Bd7c6
24.b4 b6
25.b5 Bc6b7
26.d4 Re8f8
27.d5 a6
28.bxa6 Bb7xa6
29.Re3e4 Ba6b7
30.Re1a1 Ra8a3
31.Re4e3 Ra3xe3
32.Nh2f3 Re3xf3
33.Nd2xf3 Rf8xf3
34.a4 Rf3c3
35.a5 bxa5
36.Ra1xa5 Rc3xc4
{ resign }
0-1

[Event "Tourn. n7984"]
[Site "www.chess-mail.com"]
[Date "2015.04.16"]
[Round "1"]
[White "Vinvangogh"]
[Black "Passaroa25"]
[WhiteElo "1260"]
[BlackElo "1460"]
[Result "1-0"]
[Round "1"]
1.e4 e6
2.d4 Ng8e7
3.Ng1f3 f6
4.Bf1c4 Ne7g6
5.d5 d6
6.Nb1c3 a6
7.dxe6 Bf8e7
8.b3 O-O
9.Bc1a3 Ng6f4
10.O-O Nf4xe6
11.Nf3d4 c6
12.Nd4xe6 Bc8xe6
13.Bc4xe6 Kh8
14.f4 Nb8d7
15.Rf1f3 Nd7c5
16.Rf3h3 Nc5xe6
17.g4 Ne6xf4
18.Qd1f3 Nf4xh3
19.Qf3xh3 h6
20.Ra1f1 Rf8f7
21.g5 Qd8c8
22.Rf1f5 g6
23.Ba3b2 gxf5
24.g6 Qc8g8
25.Qh3xh6 Rf7h7
26.Qh6xh7 Qg8xh7
27.gxh7 f4
28.Nc3e2 Kxh7
29.Ne2xf4 Ra8g8
30.Kf2 Rg8g5
31.c4 c5
32.Kf3 Rg5g1
33.Nf4d5 Be7d8
34.Bb2xf6 Rg1f1
35.Ke2 Rf1xf6
36.Nd5xf6 Bd8xf6
37.a3 Bf6c3
38.Kd3 Bc3b2
39.Kc2 Bb2xa3
40.Kd3 Ba3b4
41.Ke3 Kg6
42.Kf3 Kf6
43.Kf4 a5
44.Ke3 Ke5
45.Kd3 Bb4e1
46.Ke3 Be1h4
47.h3 Bh4g3
48.Kd3 Bg3h4
49.Ke3 Bh4g5
50.Kd3 Bg5f4
51.h4 Ke6
52.Kc3 Bf4e5
53.Kd3 Kd7
54.h5 Kc6
55.Ke3 b5
56.Kd3 bxc4
57.Kxc4 Kb6
58.h6 Be5d4
59.Kd5 Kb5
60.Kxd6 Kb4
61.h7 Kxb3
62.e5 c4
63.h8Q c3
64.Qh8g8 Kb4
65.e6 Bd4c5
66.Kd5 Bc5e7
67.Qg8g4 Kb3
68.Qg4d1 Kb4
69.Qd1b1 Ka3
70.Kc4 Ka4
71.Qb1b3 
1-0

[Event "Tourn. n8139"]
[Site "www.chess-mail.com"]
[Date "2015.04.16"]
[Round "1"]
[White "Cathar"]
[Black "Gorgo"]
[WhiteElo "2230"]
[BlackElo "2360"]
[Result "1-0"]
[Round "1"]
1.c4 Ng8f6
2.g3 c6
3.Bf1g2 d5
4.Ng1f3 dxc4
5.O-O Nb8d7
6.Nb1a3 Nd7b6
7.Qd1c2 Bc8e6
8.Nf3g5 Be6g4
9.f3 Bg4h5
10.Na3xc4 Qd8d4
11.Nc4e3 e6
12.Kh1 Bf8d6
13.d3 O-O
14.f4 Nf6d5
15.Ne3d1 Rf8d8
16.a3 Bd6e7
17.Ng5f3 Qd4a4
18.b3 Qa4a6
19.Bc1b2 Ra8c8
20.e4 Nd5c7
21.Nd1f2 Qa6xd3
22.Nf2xd3 c5
23.Nd3f2 Bh5xf3
24.Bg2xf3 Nc7b5
25.Rf1d1 Nb5d4
26.Bb2xd4 cxd4
27.Qc2b2 Rc8c7
28.Ra1c1 Rc7c6
29.e5 Rc6xc1
30.Rd1xc1 d3
31.Rc1d1 Nb6d7
32.Rd1xd3 Nd7f8
33.Rd3xd8 Be7xd8
34.Bf3xb7 Bd8b6
35.Nf2e4 g5
36.Ne4xg5 Nf8g6
37.Bb7e4 Ng6f8
38.Qb2e2 { resign }
1-0

[Event "Tourn. n8138"]
[Site "www.chess-mail.com"]
[Date "2015.04.16"]
[Round "1"]
[White "Inez"]
[Black "Aggiesam"]
[WhiteElo "1270"]
[BlackElo "1269"]
[Result "1-0"]
[Round "1"]
1.e4 e5
2.Ng1f3 Nb8c6
3.Nb1c3 Bf8c5
4.Nf3xe5 Nc6xe5
5.d4 Bc5xd4
6.Qd1xd4 Qd8f6
7.Nc3b5 Ne5f3
8.gxf3 Qf6xf3
9.Rh1g1 Qf3f6
10.Nb5xc7 Kf8
11.Bc1e3 Ng8e7
12.Qd4xf6 gxf6
13.Be3h6 
1-0

[Event "Tourn. n8143"]
[Site "www.chess-mail.com"]
[Date "2015.04.16"]
[Round "1"]
[White "Biagio"]
[Black "Cardiff"]
[WhiteElo "1930"]
[BlackElo "1980"]
[Result "1-0"]
[Round "1"]
1.e4 c5
2.d4 cxd4
3.c3 dxc3
4.Nb1xc3 e6
5.Ng1f3 Nb8c6
6.Bf1c4 a6
7.O-O d6
8.Qd1e2 Qd8c7
9.Rf1d1 Bf8e7
10.Bc1f4 Ng8f6
11.Ra1c1 Bc8d7
12.Bc4b3 O-O
13.e5 dxe5
14.Nf3xe5 Nc6xe5
15.Bf4xe5 Qc7c8
16.Nc3d5 Qc8d8
17.Nd5xf6 Be7xf6
18.Be5xf6 gxf6
19.Rc1c3 Qd8e7
20.Rc3c7 Rf8d8
21.Qe2d2 { resign }
1-0

[Event "Tourn. n8156"]
[Site "www.chess-mail.com"]
[Date "2015.04.16"]
[Round "1"]
[White "Duff"]
[Black "Generalfree"]
[WhiteElo "1850"]
[BlackElo "1770"]
[Result "1-0"]
[Round "1"]
1.e4 e6
2.d4 c5
3.Ng1f3 g6
4.Nb1c3 Nb8c6
5.Bc1e3 Bf8g7
6.Bf1b5 cxd4
7.Nf3xd4 Nc6xd4
8.Be3xd4 Bg7xd4
9.Qd1xd4 Qd8f6
10.O-O-O Qf6xd4
11.Rd1xd4 a6
12.Bb5a4 b5
13.Ba4b3 Bc8b7
14.Rh1d1 Bb7c6
15.a4 Ng8e7
16.f3 Ra8d8
17.g4 O-O
18.h4 e5
19.Rd4d6 Ne7c8
20.Rd6f6 d6
21.axb5 axb5
22.Nc3d5 Kg7
23.g5 Rd8d7
24.Nd5b4 Bc6b7
25.Bb3d5 Bb7xd5
26.Rd1xd5 Rd7b7
27.Kd2 Rf8d8
28.Nb4d3 Rb7b6
29.Nd3xe5 Rb6b7
30.Kc3 b4
31.Kb3 Rb7b6
32.Rf6xf7 Kg8
33.Rf7c7 Rd8f8
34.Ne5d3 { resign }
1-0

[Event "Match"]
[Site "www.echecsemail.com"]
[Date "2015.04.16"]
[Round "1"]
[White "Alexgabib"]
[Black "Swampcat"]
[WhiteElo "1499"]
[BlackElo "1359"]
[Result "1-0"]
[Round "1"]
1.e4 e6
2.d4 d5
3.Nb1c3 c5
4.Ng1f3 Nb8c6
5.Bc1e3 cxd4
6.Nf3xd4 Nc6xd4
7.Be3xd4 Bf8b4
8.Bd4xg7 { resign }
1-0

[Event "Match"]
[Site "www.echecsemail.com"]
[Date "2015.04.16"]
[Round "1"]
[White "Fred"]
[Black "Generalfree"]
[WhiteElo "1960"]
[BlackElo "1850"]
[Result "1-0"]
[Round "1"]
1.e4 e5
2.f4 exf4
3.Ng1f3 f6
4.Bf1c4 Ng8e7
5.d4 d5
6.exd5 Ne7xd5
7.O-O g5
8.Nf3xg5 fxg5
9.Qd1h5 Ke7
10.Qh5xg5 Nd5f6
11.Rf1e1 Kd7
12.Bc4e6 Kc6
13.Nb1c3 Qd8xd4
14.Kh1 Bf8c5
15.Bc1xf4 h6
16.Qg5g7 Rh8h7
17.Qg7g3 Nb8a6
18.Be6xc8 Ra8xc8
19.Re1e6 Bc5d6
20.Ra1d1 Qd4b4
21.Bf4xd6 cxd6
22.Rd1xd6 Kc5
23.Qg3e5 { resign }
1-0

[Event "Match"]
[Site "www.echecsemail.com"]
[Date "2015.04.16"]
[Round "1"]
[White "Rob33"]
[Black "Generalfree"]
[WhiteElo "1979"]
[BlackElo "1850"]
[Result "1-0"]
[Round "1"]
1.e4 e5
2.Ng1f3 Nb8c6
3.Bf1b5 Ng8e7
4.O-O d6
5.Nb1c3 a6
6.Bb5a4 b5
7.Ba4b3 h6
8.d4 Bc8g4
9.h3 exd4
10.hxg4 dxc3
11.bxc3 g5
12.Bc1e3 Bf8g7
13.Bb3d5 Bg7xc3
14.Ra1b1 Ne7xd5
15.exd5 Nc6e7
16.Be3d4 Bc3xd4
17.Qd1xd4 Ne7g6
18.Rf1e1 Kd7
19.c4 bxc4
20.Qd4xc4 f6
21.Qc4c6 { resign }
1-0

[Event "Match"]
[Site "www.echecsemail.com"]
[Date "2015.04.16"]
[Round "1"]
[White "Zazi"]
[Black "Generalfree"]
[WhiteElo "1600"]
[BlackElo "1850"]
[Result "1-0"]
[Round "1"]
1.e4 e5
2.c4 Bf8c5
3.Nb1c3 c6
4.Nc3a4 Bc5e7
5.Ng1f3 d6
6.Qd1c2 Bc8d7
7.c5 f6
8.b3 b5
9.cxd6 Be7xd6
10.Na4c5 Bd6xc5
11.Qc2xc5 Nb8a6
12.Qc5d6 Ng8e7
13.Bf1e2 Ne7c8
14.Qd6a3 Qd8b6
15.b4 Na6c7
16.Nf3h4 g6
17.O-O Qb6d4
18.Be2d3 Nc8d6
19.Bc1b2 Qd4b6
20.Ra1c1 a5
21.bxa5 Ra8xa5
22.Qa3xd6 Ra5xa2
23.Qd6xf6 Rh8f8
24.Qf6xe5 Bd7e6
25.Bd3b1 Ra2a4
26.Bb2d4 Ra4xd4
27.Nh4f3 Rd4d7
28.Kh1 Rd7e7
29.Rf1e1 Qb6xf2
30.d4 Rf8xf3
31.gxf3 Qf2xf3
32.Kg1 Re7f7
33.Rc1d1 Qf3f2
34.Kh1 Rf7f3
35.d5 Rf3e3
36.Re1f1 Qf2h4
37.dxe6 { resign }
1-0

[Event "Match"]
[Site "www.echecsemail.com"]
[Date "2015.04.16"]
[Round "1"]
[White "Jose"]
[Black "Truquine"]
[WhiteElo "2700"]
[BlackElo "1760"]
[Result "1-0"]
[Round "1"]
1.e4 e6
2.d4 d5
3.Nb1c3 Bf8b4
4.e5 c5
5.a3 Bb4xc3
6.bxc3 Ng8e7
7.Qd1g4 O-O
8.Bf1d3 Nb8c6
9.Qg4h5 Ne7g6
10.Ng1f3 Qd8c7
11.Bc1e3 c4
12.Bd3xg6 fxg6
13.Qh5g4 Qc7f7
14.Nf3g5 Qf7e8
15.h4 h6
16.Ng5h3 b5
17.Qg4e2 Bc8d7
18.g4 a5
19.h5 gxh5
20.g5 hxg5
21.Nh3xg5 Rf8f5
22.Kd2 Qe8g6
23.Ra1g1 Bd7e8
24.Ng5e4 Qg6f7
25.Ne4d6 Qf7f8
26.Rh1h3 Nc6e7
27.Rh3g3 g6
28.Nd6xf5 Qf8xf5
29.Rg3f3 Qf5e4
30.Rf3f4 { resign }
1-0

[Event "Match"]
[Site "www.echecsemail.com"]
[Date "2015.04.16"]
[Round "1"]
[White "Gimmyg"]
[Black "Glenno"]
[WhiteElo "2060"]
[BlackElo "2370"]
[Result "1-0"]
[Round "1"]
1.Ng1f3 d5
2.d4 Ng8f6
3.h3 e6
4.Bc1f4 c5
5.e3 Nb8c6
6.c3 Bf8d6
7.Bf4xd6 Qd8xd6
8.Bf1b5 O-O
9.Nb1d2 Bc8d7
10.Bb5d3 cxd4
11.cxd4 e5
12.dxe5 Nc6xe5
13.Qd1b3 Ne5xd3
14.Qb3xd3 Qd6b4
15.Qd3d4 Qb4b5
16.a4 Qb5a6
17.b4 Rf8c8
18.b5 Qa6b6
19.O-O Qb6xd4
20.Nf3xd4 Rc8e8
21.Rf1c1 Ra8c8
22.a5 Nf6e4
23.Nd2xe4 dxe4
24.b6 axb6
25.axb6 Rc8xc1
26.Ra1xc1 Kf8
27.Rc1c7 Bd7c8
28.Nd4b5 Re8d8
29.Nb5a7 Bc8d7
30.Rc7xb7 Ke8
31.g4 g6
32.g5 Rd8a8
33.Kg2 Ra8d8
34.Kg3 Rd8a8
35.h4 Bd7e6
36.Kf4 Be6d5
37.Rb7c7 Ra8b8
38.Rc7c8 Rb8xc8
39.Na7xc8 Kd7
40.Ke5 Bd5a8
41.Nc8d6 Kc6
42.b7 Ba8xb7
43.Nd6xb7 Kxb7
44.Kf6 Ka6
45.Kxf7 { resign }
1-0

[Event "Match"]
[Site "www.echecsemail.com"]
[Date "2015.04.16"]
[Round "1"]
[White "Krystek23"]
[Black "Generalfree"]
[WhiteElo "2330"]
[BlackElo "1760"]
[Result "1-0"]
[Round "1"]
1.c4 e5
2.Nb1c3 Bf8b4
3.Qd1c2 c6
4.d3 d5
5.Qc2a4 Bb4xc3
6.bxc3 d4
7.Bc1b2 Qd8b6
8.Qa4b3 Qb6xb3
9.axb3 dxc3
10.Bb2xc3 f6
11.g3 g5
12.Ng1f3 Bc8e6
13.Nf3xg5 Be6f5
14.f4 Nb8d7
15.Bf1h3 Bf5xh3
16.Ng5xh3 exf4
17.Nh3xf4 O-O-O
18.Ra1xa7 { resign }
1-0

[Event "Match"]
[Site "www.echecsemail.com"]
[Date "2015.04.16"]
[Round "1"]
[White "Jaalston"]
[Black "Noobasaurus"]
[WhiteElo "1449"]
[BlackElo "1549"]
[Result "0-1"]
[Round "1"]
1.e4 c6
2.d3 d5
3.Nb1d2 e5
4.Ng1f3 Bc8g4
5.g3 f5
6.Bf1g2 Ng8f6
7.O-O Bf8d6
8.exf5 O-O
9.Rf1e1 Nb8d7
10.b3 Qd8c7
11.h3 Bg4xf5
12.Nf3g5 Ra8e8
13.Bc1b2 d4
14.Qd1f3 Nf6d5
15.g4 Bf5e6
16.Ng5xe6 Re8xe6
17.Qf3g3 Re6f6
18.Nd2e4 Rf6f7
19.Re1f1 Nd5c3
20.Qg3h4 Bd6e7
21.Ne4g5 Be7xg5
22.Qh4xg5 Qc7d8
23.Qg5d2 Nd7b6
24.Bb2a3 Rf8e8
25.Ba3b4 Nb6d5
26.Bb4c5 Nd5f4
27.Bg2h1 Nf4xh3
28.Kh2 Qd8h4
29.Ra1e1 Nh3g5
30.Kg2 Qh4xg4
31.Kh2 Ng5f3
32.Bh1xf3 Rf7xf3
33.Re1e3 dxe3
34.Qd2xc3 Rf3h3
{ resign }
0-1

[Event "Match"]
[Site "www.echecsemail.com"]
[Date "2015.04.16"]
[Round "1"]
[White "Jaguar91"]
[Black "Geodad5"]
[WhiteElo "2070"]
[BlackElo "2170"]
[Result "1-0"]
[Round "1"]
1.e4 c5
2.Ng1f3 d6
3.d4 cxd4
4.Nf3xd4 Bc8d7
5.Bf1c4 Ng8f6
6.Nb1c3 g6
7.O-O Bf8g7
8.f4 Nb8c6
9.f5 Nc6xd4
10.Qd1xd4 a6
11.Nc3d5 O-O
12.fxg6 hxg6
13.Nd5xf6 Bg7xf6
14.Rf1xf6 exf6
15.Bc1h6 Rf8e8
16.Ra1f1 { resign }
1-0

[Event "Match"]
[Site "www.echecsemail.com"]
[Date "2015.04.16"]
[Round "1"]
[White "Gilliere"]
[Black "Generalfree"]
[WhiteElo "1840"]
[BlackElo "1750"]
[Result "0-1"]
[Round "1"]
1.e4 c5
2.Ng1f3 e6
3.d4 cxd4
4.Qd1xd4 Nb8c6
5.Qd4d1 a6
6.a3 b5
7.Nb1c3 g6
8.g3 Bf8c5
9.Bf1g2 Qd8b6
10.O-O f6
11.b4 Bc5d4
12.Nf3xd4 Qb6xd4
13.Qd1xd4 Nc6xd4
14.Ra1a2 e5
15.Bc1e3 Ng8e7
16.Be3xd4 exd4
17.Nc3e2 Ne7c6
18.Rf1d1 Bc8b7
19.Ne2xd4 Nc6e5
20.f3 d5
21.exd5 Bb7xd5
22.Ra2a1 O-O-O
23.f4 Ne5g4
24.Bg2xd5 Rd8xd5
25.c3 Rh8e8
26.Rd1e1 Re8xe1
27.Ra1xe1 Kd7
28.Kg2 f5
29.h3 Ng4f6
30.Re1e6 Nf6e4
31.Re6xa6 Ne4xc3
32.Ra6a7 Kc8
33.Nd4e6 Rd5d2
34.Kf1 Nc3e4
35.Ne6c5 Ne4xg3
36.Ke1 Rd2e2
37.Kd1 h5
38.Ra7b7 Re2h2
39.Rb7xb5 Rh2xh3
40.a4 Rh3h1
41.Kd2 Rh1h2
42.Kd3 h4
43.a5 h3
44.a6 Rh2a2
45.Rb5b7 h2
46.Rb7h7 h1Q
47.Rh7xh1 Ng3xh1
48.b5 Kc7
49.Kd4 Kb6
50.Kc4 Nh1f2
51.Nc5d7 Ka7
52.Nd7c5 Nf2e4
53.Kb3 Ra2h2
54.Nc5d7 Rh2h3
55.Kb4 Rh3f3
56.Ka5 Rf3a3
57.Kb4 Ra3d3
58.Nd7c5 Rd3d4
59.Ka5 Ne4xc5
60.b6 Ka8
61.b7 Nc5xb7
62.axb7 Kxb7
{ resign }
0-1

[Event "Match"]
[Site "www.echecsemail.com"]
[Date "2015.04.16"]
[Round "1"]
[White "Luzhin"]
[Black "Vinvangogh"]
[WhiteElo "2250"]
[BlackElo "1520"]
[Result "1-0"]
[Round "1"]
1.e4 e5
2.Ng1f3 d5
3.Nf3xe5 Ng8h6
4.d4 Bf8b4
5.c3 Bb4a5
6.Qd1h5 Bc8g4
7.Ne5xg4 Nb8d7
8.Bc1xh6 gxh6
9.Ng4xh6 Nd7f6
10.Qh5xf7 { resign }
1-0

[Event "Match"]
[Site "www.echecsemail.com"]
[Date "2015.04.16"]
[Round "1"]
[White "Guidom"]
[Black "Vinvangogh"]
[WhiteElo "2080"]
[BlackElo "1520"]
[Result "1-0"]
[Round "1"]
1.e4 e5
2.Ng1f3 Bf8d6
3.Bf1c4 Qd8e7
4.d3 Nb8c6
5.Bc1g5 f6
6.Bg5h4 g5
7.Nf3xg5 fxg5
8.Qd1h5 Kd8
9.Bh4xg5 Ng8f6
10.Qh5h6 Rh8f8
11.Nb1c3 Nc6d4
12.Nc3d5 Bd6b4
13.c3 b5
14.Nd5xe7 Bb4xe7
15.cxd4 exd4
16.Bc4xb5 Nf6g4
17.Qh6xf8 { resign }
1-0

[Event "Match"]
[Site "www.echecsemail.com"]
[Date "2015.04.16"]
[Round "1"]
[White "Caspito"]
[Black "Kesalon"]
[WhiteElo "1790"]
[BlackElo "1940"]
[Result "0-1"]
[Round "1"]
1.e4 e5
2.Ng1f3 Nb8c6
3.Bf1c4 Bf8c5
4.c3 Ng8f6
5.Nf3g5 O-O
6.Qd1b3 Qd8e7
7.d4 exd4
8.O-O Nc6a5
9.Qb3b5 Na5xc4
10.Qb5xc4 h6
11.cxd4 Bc5b6
12.Bc1e3 hxg5
13.Be3xg5 Qe7xe4
14.Bg5xf6 gxf6
15.Nb1d2 Qe4xd4
16.Qc4xd4 Bb6xd4
17.Ra1b1 d5
18.Rf1d1 Bc8f5
19.Rb1c1 c6
20.b3 Bd4b2
21.Rc1c5 Rf8c8
22.Nd2f3 b6
{ resign }
0-1

[Event "1/8 Finale"]
[Site "www.chess-mail.com"]
[Date "2015.04.16"]
[Round "1"]
[White "Fjpv"]
[Black "Guidom"]
[WhiteElo "2630"]
[BlackElo "2050"]
[Result "1-0"]
[Round "1"]
1.e4 e5
2.Ng1f3 Nb8c6
3.d4 exd4
4.Nf3xd4 Nc6xd4
5.Qd1xd4 Qd8f6
6.Qd4e3 Bf8b4
7.c3 Bb4a5
8.a4 Ba5b6
9.Qe3g3 Qf6g6
10.Nb1d2 Qg6xg3
11.hxg3 Ng8f6
12.a5 Bb6c5
13.e5 Nf6g8
14.Nd2e4 Bc5e7
15.Bf1c4 a6
16.Bc1f4 Be7d8
17.O-O-O Ng8e7
18.Ne4g5 O-O
19.Ng5xh7 Rf8e8
20.Nh7g5 d5
21.exd6 { resign }
1-0

[Event "1/32 Finale"]
[Site "www.chess-mail.com"]
[Date "2015.04.16"]
[Round "1"]
[White "Masterchess"]
[Black "Manolinex"]
[WhiteElo "1860"]
[BlackElo "2720"]
[Result "0-1"]
[Round "1"]
1.d4 d5
2.c4 e6
3.Nb1c3 Ng8f6
4.cxd5 exd5
5.Bc1g5 c6
6.e3 Bc8f5
7.Qd1b3 Qd8b6
8.Qb3xb6 axb6
9.Bg5xf6 gxf6
10.Ra1c1 b5
11.a3 b4
12.axb4 Bf8xb4
13.Ng1f3 Ra8a2
{ resign }
0-1

[Event "Fast Game"]
[Site "www.echecsemail.com"]
[Date "2015.04.16"]
[Round "1"]
[White "Woodpusher2"]
[Black "Chessmith19"]
[WhiteElo "2120"]
[BlackElo "2180"]
[Result "1/2-1/2"]
[Round "1"]
1.d4 Ng8f6
2.c4 Nb8c6
3.Ng1f3 e6
4.a3 d5
5.Nb1c3 dxc4
6.e4 Nc6a5
7.Bf1xc4 Na5xc4
8.Qd1a4 c6
9.Qa4xc4 Bf8e7
10.O-O O-O
11.Bc1f4 a5
12.Nf3e5 a4
13.Ra1d1 Nf6d7
14.Ne5xd7 Bc8xd7
15.h3 Qd8a5
16.Qc4d3 Qa5h5
17.Rf1e1 Rf8c8
18.Rd1d2 b5
19.Rd2c2 Bd7e8
20.Nc3e2 c5
21.d5 c4
22.Qd3d2 Be7d8
23.Ne2c3 e5
24.Bf4g3 Bd8a5
25.Re1d1 f6
26.f3 b4
27.axb4 Ba5xb4
28.Bg3f2 Bb4d6
29.Rd1c1 Be8d7
30.Nc3b1 Qh5g6
31.Kh2 f5
32.Qd2e2 Ra8b8
33.Nb1d2 fxe4
34.fxe4 c3
35.bxc3 Bd6a3
36.Rc1f1 h6
37.c4 Ba3b4
38.Nd2f3 a3
39.Rf1a1 Qg6h5
40.c5 Rc8f8
41.d6 Kh8
42.Bf2g3 Bd7g4
43.Ra1f1 a2
44.Rc2xa2 Bb4xc5
45.d7 Bg4xd7
46.Rf1c1 Bd7b5
47.Qe2d2 Rf8d8
48.Qd2c3 Bc5d6
49.Ra2a7 Bb5e8
50.Qc3a1 Rb8b3
51.Rc1c3 Rb3xc3
52.Qa1xc3 Qh5g6
53.Bg3xe5 Bd6f8
54.Nf3h4 Qg6xe4
55.Be5xg7 Kg8
56.Bg7xf8 Qe4f4
57.Qc3g3 Qf4xg3
58.Kxg3 Kxf8
59.Kf4 Rd8d4
60.Kg3 Rd4d3
61.Kf2 Rd3d2
62.Ke3 Rd2b2
63.Ra7h7 h5
64.Kf4 Be8f7
65.Rh7h6 Ke8
66.Ke5 Rb2f2
67.Rh6h8 Kd7
68.Rh8h7 Kd8
69.g3 Bf7e8
70.Nh4f5 Be8g6
71.Rh7h8 Kd7
{ draw }
1/2-1/2

[Event "Tourn. n8116"]
[Site "www.chess-mail.com"]
[Date "2015.04.16"]
[Round "1"]
[White "Winterlude"]
[Black "Brigs"]
[WhiteElo "2530"]
[BlackElo "2460"]
[Result "1/2-1/2"]
[Round "1"]
1.e4 e5
2.f4 exf4
3.Bf1c4 Ng8f6
4.Nb1c3 c6
5.Bc4b3 d5
6.exd5 cxd5
7.d4 Bf8d6
8.Ng1e2 O-O
9.O-O g5
10.h4 h6
11.Qd1d3 Nb8c6
12.Nc3xd5 Nc6a5
13.Nd5xf6 Qd8xf6
14.g3 Na5xb3
15.axb3 Bc8f5
16.Qd3b5 Bf5xc2
17.hxg5 hxg5
18.Ra1a5 Bd6e7
19.Qb5xb7 Ra8b8
20.Qb7g2 Qf6b6
21.Bc1d2 fxg3
22.Ne2xg3 Qb6xd4
23.Rf1f2 Bc2g6
24.Ng3f5 Bg6xf5
25.Ra5xf5 f6
26.Bd2c3 { draw }
1/2-1/2

[Event "Tourn. n8013"]
[Site "www.chess-mail.com"]
[Date "2015.04.16"]
[Round "1"]
[White "Bobjones"]
[Black "Osopanda"]
[WhiteElo "2210"]
[BlackElo "2080"]
[Result "1-0"]
[Round "1"]
1.e4 c5
2.Ng1f3 d6
3.d4 cxd4
4.Nf3xd4 Ng8f6
5.Nb1c3 a6
6.Bf1d3 e5
7.Nd4f3 Bc8e6
8.O-O Nb8d7
9.h3 Ra8c8
10.Qd1e2 b5
11.a3 Bf8e7
12.Bc1d2 O-O
13.Nf3g5 d5
14.Ng5xe6 fxe6
15.exd5 exd5
16.Qe2d1 e4
17.Bd3e2 d4
18.Nc3a2 Nd7e5
19.Bd2b4 Be7xb4
20.Na2xb4 d3
21.cxd3 exd3
22.Nb4xd3 Ne5xd3
23.Qd1xd3 Qd8xd3
24.Be2xd3 Rf8d8
25.Bd3f5 Rc8c5
26.Bf5e6 Kf8
27.Ra1c1 Rc5e5
28.Be6c8 a5
29.Rc1c2 b4
30.axb4 axb4
31.b3 Rd8d3
32.Rf1b1 Nf6d5
33.Bc8a6 Rd3c3
34.Rc2d2 Nd5c7
35.Ba6c4 Nc7e6
36.Rd2d7 Ne6c5
37.Rd7f7 Ke8
38.Rb1a1 Rc3xc4
39.Rf7xg7 Nc5e6
40.Ra1a8 Ne6d8
41.bxc4 Re5e1
42.Kh2 Re1d1
43.Ra8b8 Kf8
44.Rg7xh7 b3
45.Rb8xb3 Kg8
46.Rh7c7 Rd1c1
47.Rb3b8 { resign }
1-0

[Event "Tourn. n8111"]
[Site "www.chess-mail.com"]
[Date "2015.04.16"]
[Round "1"]
[White "Hali"]
[Black "Liencam2"]
[WhiteElo "2200"]
[BlackElo "2270"]
[Result "1/2-1/2"]
[Round "1"]
1.e4 c5
2.Ng1f3 e6
3.d4 cxd4
4.Nf3xd4 a6
5.Nb1c3 Qd8c7
6.Bf1d3 Ng8f6
7.Bc1g5 Bf8c5
8.Bg5xf6 gxf6
9.Nd4b3 Bc5a7
10.Qd1g4 Ke7
11.O-O-O Nb8c6
12.Rh1f1 Nc6e5
13.Qg4g7 Qc7d8
14.f4 Ne5xd3
15.Rd1xd3 Qd8f8
16.Qg7xf8 Rh8xf8
17.Rf1d1 b5
18.Nb3a5 Ba7b6
19.Na5b7 Ra8a7
20.Nb7d6 Bb6c5
21.e5 fxe5
22.fxe5 Ra7c7
23.Nc3e4 Bc5b6
24.Ne4f6 Rc7c5
25.Nd6xc8 Rf8xc8
26.Rd3xd7 Kf8
27.Rd7d2 Kg7
28.Nf6d7 Rc5c6
29.Nd7xb6 Rc6xb6
30.Rd2d6 Rb6c6
31.Rd6xc6 Rc8xc6
32.Rd1d6 Rc6xd6
33.exd6 Kf6
34.Kd2 e5
35.Kd3 Ke6
36.g4 Kxd6
37.g5 f6
38.gxf6 Ke6
39.a3 Kxf6
40.Ke4 Ke6
41.h4 a5
42.b3 b4
43.axb4 axb4
44.Kd3 Kd5
45.c4 bxc3
46.Kxc3 Ke4
47.Kd2 Kd4
48.h5 h6
49.Kc2 e4
50.Kd2 e3
51.Ke2 Kc3
52.Kxe3 Kxb3
53.Kf4 Kc4
54.Kf5 Kd5
55.Kg6 Ke6
56.Kxh6 Kf6
57.Kh7 Kf7
58.h6 Kf8
59.Kg6 Kg8
60.h7 { draw }
1/2-1/2